|
|
|
|
| LEADER |
00000nab a2200000u 4500 |
| 001 |
vtls012059196 |
| 003 |
SK-MaSNL |
| 005 |
20260304010958.0 |
| 008 |
210618|20210617xo ||||||| || ||slo| |
| 038 |
|
|
|a KEVKJB
|
| 040 |
|
|
|a KEVKJB
|b slo
|e rda
|
| 041 |
0 |
|
|a slo
|
| 043 |
|
|
|a e-xo---
|
| 044 |
|
|
|a xo
|c SK
|
| 072 |
|
7 |
|a 343
|x Trestné právo
|2 konspekt
|
| 080 |
|
|
|a 343.3/.7
|2 2011
|
| 100 |
1 |
|
|a Bejda, Róbert
|4 aut
|9 760251
|
| 245 |
1 |
0 |
|a Bankomatová mafia udrela i na východe
|c Róbert Bejda
|
| 300 |
|
|
|b Fotografie
|
| 336 |
|
|
|a text
|b txt
|2 rdacontent
|
| 337 |
|
|
|a bez média
|b n
|2 rdamedia
|
| 338 |
|
|
|a zväzok
|b nc
|2 rdacarrier
|
| 650 |
0 |
7 |
|a bankomatová mafia
|2 kevkjb
|9 1289301
|
| 650 |
0 |
7 |
|a bankomaty
|2 kevkjb
|9 761871
|
| 650 |
0 |
7 |
|a trestné činy
|2 SNKPH
|9 2181
|
| 651 |
|
7 |
|a Turňa nad Bodvou (Slovensko)
|2 SNKPHgeo
|9 30010
|
| 651 |
|
7 |
|a Košice-okolie (Slovensko : okres)
|2 SNKPHgeo
|9 146743
|
| 773 |
0 |
|
|t Korzár
|g Roč. XXIV., č. 138 (17.6.2021), s. 4
|x 2585-7355
|
| 852 |
|
|
|a KEVKJB
|b KIS3GCP
|
| 856 |
4 |
1 |
|u https://kosice.korzar.sme.sk/c/22683091/bankomatova-mafia-udrela-v-turni-nad-bodvou.html
|
| 999 |
|
|
|c 2563921
|d 2565851
|